North American British Territories - Statistics

General Stats
  • This quiz has been taken 30 times
  • The average score is 5 of 6
Answer Stats
Size Answer % Correct
54 km² Bermuda
89%
153 km² British Virgin Islands
82%
91 km² Anguilla
79%
264 km² Cayman Islands
79%
101 km² Montserrat
75%
948 km² Turks and Caicos Islands
75%
No matching quizzes found
Score Distribution
Percent of People with Each Score
Percentile by Number Answered
Your Score History
You have not taken this quiz